| 000 | 01081nam0a22002411 4500 | ||
|---|---|---|---|
| 001 | rc\486517 | ||
| 005 | 20030616173319.0 | ||
| 035 | _a(NLR Aleph) 005728937 | ||
| 090 |
_a7558297 _c7558297 |
||
| 100 | _a20030616d1986 u |0rusy50 ca | ||
| 101 | 0 | _arus | |
| 102 | _aRU | ||
| 105 | _aa ||||||||| | ||
| 200 | 1 |
_aМЕТОДИЧЕСКИЕ указания по решению задач для слушателей подготовительных курсов МАМИ _eРаздел "Механика" _fМ-во высш. и сред. спец. образования РСФСР, Моск. автомехан. ин-т. Каф. физики _g[Сост. Г.А. Шарифкулова, к. ф.-м. н.] |
|
| 210 |
_aМ. _cМАМИ _d1986 |
||
| 215 |
_a[1], 30 с. _cчерт. _d20 |
||
| 702 | 1 |
_aШарифкулова _bГ. А. _gГалина Анатольевна _4220 |
|
| 712 | 0 | 2 |
_aМосковский автомеханический ин-т _3RU\NLR\AUTH\889928338 |
| 801 | 0 |
_aRU _bNLR _gpsbo |
|
| 801 | 1 |
_aRU _bELAR _2rusmarc |
|
| 852 |
_aNLR _j87-4/11321 |
||
| 942 | _cBOOK | ||
| 980 | _aNB | ||